| 000 | 01207nam a2200337 4500 | ||
|---|---|---|---|
| 001 | 2548775 | ||
| 005 | 20150609152039.0 | ||
| 008 | 000 | ||
| 010 | _a 94149701 | ||
| 015 | _aGB93-57015 | ||
| 020 | _a0853658293 | ||
| 035 | _a(OCoLC)29358418 | ||
| 040 |
_aUOEL _cUk _dWaU _dDLC |
||
| 042 | _alccopycat | ||
| 050 | 0 | 0 |
_aK4293 _b.E37 1993 |
| 082 | 0 | 4 |
_a025.523 _220 |
| 100 | 1 |
_aEisenschitz, Tamara S., _d1950- |
|
| 245 | 1 | 0 |
_aInformation transfer policy : _bissues of control and access / _cTamara S. Eisenschitz. |
| 260 |
_aLondon : _bLibrary Association Pub., _c1993. |
||
| 300 |
_aix, 175 p. ; _c23 cm. |
||
| 504 | _aIncludes bibliographical references (p. 165-170) and index. | ||
| 650 | 0 |
_aInformation services _zLaw and legislation. _xLaw (General) |
|
| 650 | 0 | _aIntellectual property. | |
| 650 | 0 | _aInformation technology. | |
| 650 | 0 | _aInformation services and state. | |
| 650 | 0 |
_aInformation services _xLaw and legislation _zGreat Britain. |
|
| 906 |
_a7 _bcbc _ccopycat _d2 _encip _f19 _gy-gencatlg |
||
| 942 |
_2lcc _cLL |
||
| 999 |
_c9836 _d9836 |
||